00712nam a2200193 i 450000100060000000300090000600500170001500700030003200800410003510000360007624501010011226000330021330000220024650000460026871000330031485200320034799900170037995201220039625941ES-MaACL20230906153346.0t|030107s1972 sp ||||1| spa d1 aArtacho López, Rafael.92341313aEl área de experiencia religiosa en la Educación General Básica /cRafael Artacho López. aMadrid : bBruño, c[1972] a205 p. ; c21 cm. aPrecede al tít.: Instituto San Pío X.2 aInstituto San Pío X.95231 aES-MaACLjC-47981 bR.82292 c25941d25941 00104070aATENEOMbATENEOMcDEPO2d2008-01-17eSCl0oC-47981p1026763r2023-02-23 00:00:00w2023-02-23yMONOGRAFIA